Modern analysis : μ
Αποθηκεύτηκε σε:
| Κύριος συγγραφέας: | |
|---|---|
| Μορφή: | Βιβλίο |
| Γλώσσα: | English |
| Δημοσίευση: |
Boston :
PWS-Kent Pub. Co.,
c1991
|
| Σειρά: | Prindle, Weber and Schmidt series in advanced mathematics
|
| Θέματα: | |
| Ετικέτες: |
Προσθήκη ετικέτας
Δεν υπάρχουν, Καταχωρήστε ετικέτα πρώτοι!
|
MARC
| LEADER | 00000cam a2200000 i 4500 | ||
|---|---|---|---|
| 001 | 1/38320 | ||
| 008 | 941103s1991 eng d | ||
| 020 | |a 0534921647 | ||
| 035 | |l 10040738 | ||
| 035 | |a 1993 |c ΧΑΤΖΗΣΑΒΒΑΣ | ||
| 040 | |a GR-MY-UA |b gre |e aacr | ||
| 041 | 0 | |a eng | |
| 082 | 0 | |a 515. |2 (20) | |
| 100 | 1 | |a Ruckle, William H. | |
| 245 | 1 | 0 | |a Modern analysis : |b μ / |c William H. Ruckle |
| 260 | |a Boston : |b PWS-Kent Pub. Co., |c c1991 | ||
| 300 | |a xv, 265 p.; |c 24 cm | ||
| 490 | 1 | |a Prindle, Weber & Schmidt series in advanced mathematics | |
| 500 | |a Includes index | ||
| 650 | 0 | 0 | |a Mathematical analysis. |
| 830 | 0 | |a Prindle, Weber and Schmidt series in advanced mathematics | |
| 852 | |a INST |b SAMOS |e 19941103 |h 515 RUC |p 005300003326 |q 005300003326 |t BK |y 0 | ||
| 909 | |a Σ |b 030907 | ||